1884 1809 1125 1680 1502 1988 1421 1909 1939 1363 1340 1697 1962 1204 1274 1601 1762 1811 1731 1321 1532 1593 1027 1160 1729 1717 1761 1240 1351 1578 1380 1783 1589 1028 1083 1553 1658 1568 1647 1651 1252 1445 1782 1734 1130 1759 1490 1652 1134 1398 1030 1832 1096 1373 1128 1119 1391 1392 1250 1306 1437 1890 1607 1005 1222 1958 1354 1941 1189 1194 1338 1698 1878 1902 1216 1507 1273 1580 1938 1621 1989 1412 1368 1793 1667 1875 1299 1734 1662 1304 1844 1531 1206 1998 1696 1304 1196 1025 1069 BCNSPRNW ULIB Ver.6.0+V

เปลี่ยนเป็นภาษาไทย

Change to English
 แสดงรายละเอียดบรรณานุกรม
  กลับหน้าหลัก

Brief Record : Get Marc (ISO 2709) : E-mail record : QR code < ปิดหน้าต่าง
LEADER : 00000nam 2200000uu 4500
001    13399115282
003     ULIB
008    120809s2554||||th 000 0 tha d
020    ^a9786161500184
060 04 ^aWO100^bส733ต
100 0  สุทธิพร จิตต์มิตรภาพ
245 00 ^aตำราศัลยศาสตร์ /^cสุทธิพร จิตต์มิตรภาพ, พัฒน์พงศ์ นาวีเจริญ, บรรณาธิการ
250    ^aพิมพ์ครั้งที่ 12 (ฉบับปรับปรุงใหม่)
260    ^aกรุงเทพฯ :^bคณะแพทยศาสตร์ จุฬาลงกรณ์มหาวิทยาลัย,^c2554
300    ^a1180 หน้า :^bภาพประกอบ ;^c26 ซม.
650  7 ^aศัลยศาสตร์
650  7 ^aศัลยศาสตร์^xตำราเรียน
700 0  ^aสุทธิพร จิตต์มิตรภาพ,^eบรรณาธิการ
700 0  ^aพัฒน์พงศ์ นาวีเจริญ,^eบรรณาธิการ
710 2  ^aจุฬาลงกรณ์มหาวิทยาลัย. ^bคณะแพทยศาสตร์
945    ^p800^l0^i19196
945    ^p800^l0^i21399
945    ^p800^l0^i21400
995    ^aทศพร
999 ^a ใช้งานได้ทุกระบบ
รายการนี้ยังไม่มีแท็ก
คุณยังไม่ได้ล็อกอิน คุณสามารถมีกิจกรรมร่วมกับเว็บไซต์ได้ แต่ต้องล็อกอินก่อน ::
  ล็อกอิน

รายการสื่อสารสนเทศ

ลำดับที่ ประเภท เลขเรียก/บาร์โค้ด สถานที่ สถานะ
1. วิทยาศาสตร์การแพทย์ และสุขภาพ
วิทยาศาสตร์การแพทย์ และสุขภาพ
สถานะ=หนังสือเก่า
WO100 ส733ต  
  Barcode: 19196
ห้องสมุดวิทยาเขตนครสวรรค์
►ส่วนจัดเก็บหนังสือเก่า นว.
บนชั้น
  ขอยืม
2. วิทยาศาสตร์การแพทย์ และสุขภาพ
วิทยาศาสตร์การแพทย์ และสุขภาพ
สถานะ=หนังสือเก่า
WO100 ส733ต ฉ.2 
  Barcode: 21399
ห้องสมุดวิทยาเขตนครสวรรค์
►ส่วนจัดเก็บหนังสือเก่า นว.
บนชั้น
  ขอยืม
3. วิทยาศาสตร์การแพทย์ และสุขภาพ
วิทยาศาสตร์การแพทย์ และสุขภาพ
สถานะ=หนังสือเก่า
WO100 ส733ต ฉ.3 
  Barcode: 21400
ห้องสมุดวิทยาเขตนครสวรรค์
►ส่วนจัดเก็บหนังสือเก่า นว.
บนชั้น
  ขอยืม

รายการใกล้เคียง
    ผู้แต่ง [สุทธิพร จิตต์มิตรภาพ]

    หัวเรื่อง [ศัลยศาสตร์]

BibComment


ยังไม่เคยถูกคอมเมนท์

คอมเมนท์ทรัพยากรรายการนี้
  คอมเมนท์: ตำราศัลยศาสตร์ ..


 Copyright 2026. Bcnsprnw @Library